000 00815nam a2200241Ia 4500
003 OSt
005 20220916110919.0
006 a|||||r|||| 00| 0
007 ta
008 220915b |||||||| |||| 00| 0 hin d
024 _a215511
037 _cTextbook
040 _bhin
_aARTS
_cARTS
041 _ahin
082 _aO152,1:g, J7
100 _aत्रिपाठी, राममूर्ति
245 0 _aव्यजंना और नवीन कविता
246 _aSāhitya samālochanā
260 _aकाशी
_bनागरी प्रचारिणी सभा भारत
_c1957
650 _aहिन्दी साहित्य
942 _hO152,1:g, J7
_cTB
_2CC
999 _c101216
_d101216